Critical Essays On: (Record no. 201483)

MARC details
000 -LEADER
fixed length control field 00634nam a22001937a 4500
005 - DATE AND TIME OF LATEST TRANSACTION
control field 20240402113221.0
008 - FIXED-LENGTH DATA ELEMENTS--GENERAL INFORMATION
fixed length control field 090826t xxu||||| |||| 00| 0 eng d
010 ## - LCCN (DPL NO)
LC control number ENG-139690
020 ## - INTERNATIONAL STANDARD BOOK NUMBER
Terms of availability 110.00
035 ## - SYSTEM CONTROL NUMBER
System control number EN-123222
037 ## - SOURCE OF ACQUISITION
Source of stock number/acquisition DBAD/PUB
082 ## - DEWEY DECIMAL CLASSIFICATION NUMBER
Classification number 884
100 ## - MAIN ENTRY--PERSONAL NAME
Personal name Kanitha. S.
9 (RLIN) 63329
245 ## - TITLE STATEMENT
Title Critical Essays On:
Remainder of title Canadian Feminist Fiction/
Statement of responsibility, etc By S. Kanitha
260 ## - PUBLICATION, DISTRIBUTION, ETC. (IMPRINT)
Name of publisher, distributor, etc Arivu Pathippagam
Date of publication, distribution, etc 2009
Place of publication, distribution, etc Chennai
270 ## - ADDRESS
Address 142, Jani Jhan Khan Road, Royapettah
300 ## - PHYSICAL DESCRIPTION
Extent 249p.
Dimensions 21cm(pbk)
942 ## - ADDED ENTRY ELEMENTS (KOHA)
Source of classification or shelving scheme Dewey Decimal Classification
Item type English Books
Classification part 884
Call number suffix KAN
Edition 1
Holdings
Withdrawn status Lost status Source of classification or shelving scheme Damaged status Not for loan Collection code Home library Current library Date acquired Source of acquisition Cost, normal purchase price Total Checkouts Full call number Barcode Date last seen Copy number Cost, replacement price Koha item type
    Dewey Decimal Classification     Non-fiction Bawana Bawana 14/03/2024 DBAD 110.00   884 KAN EN-123222 14/03/2024 1 110.00 English Books

© Delhi Public Library
Hit Counter
free hit counter